000 00421nam a2200145 i 4500
001 146822
003 ES-MaACL
007 t|
008 070918s1965 mx ||||1| spa d
100 1 _aTrujillo Herrera, Rafael.
_9111576
245 1 0 _aJuana Tenorio
_b: comedia /
_cRafael Trujillo Herrera.
260 _aMéxico :
_bEd. Mexicanos Unidos,
_c1965.
300 _a204 p. ;
_c20 cm.
852 _aES-MaACL
_jE-9773
_bR.93817
999 _c146822
_d146822